000 00460cam a2200145 4500
001 6548
020 _a9788131704967
100 1 _aKumar, Ranjit.
245 1 0 _aResearch methodology :
_ba step-by-step guide for beginners /
_cRanjit Kumar.
250 _a2nd ed.
260 _aIndia ;
_a
_bPearson,
_cc2005.
300 _axix, 332 p. :
_bill., ;
_c25 cm.
504 _aIncludes bibliographical references (p. [323]-326) and index.
650 0 _aResearch --
_xMethodology.
_x
999 _c5519
_d5519